00641nam a2200169Ia 4500008004100000041001200041082001800053100005600071245004800127250001300175260003700188300001500225650002200240942000700262999001900269952018300288231217s9999 xx 000 0 und d aEnglish a005.43 FOL;7 aFoley, James D. Van Dam, Andries. Feiner, Steven K. 0aComputer graphics : principles and practice a2nd ed.  c1987bNew York : Addison-Wesley, axxiii+1174 aComputer graphics cAA c167284d167284 r2024-01-26 00:00:00l0o005.43 FOL;7p16132v324.18w2024-01-26yAA1040708CL00aMLbMLd2000-09-21eAllied publ.g8.50EMCAKBAN/CR/002326L22/09/2003GUSDF44.9V1.28W15